| 000 | 00935cam a22001815a 4500 | ||
|---|---|---|---|
| 001 | L155779 | ||
| 008 | 120416s1785 xxk f 000 0 eng d | ||
| 035 | _a(Sirsi) u155779 | ||
| 041 | 0 | _aeng | |
| 245 | 0 | 4 |
_aThe new complete, and universal history, description, and survey of the cities of London and Westminster _bthe Borough of Southwark and the parts adjacent. ... By a society of gentlemen, the whole revised, corrected, and improved, by William Thornton, ... assisted by George Smith, L.L.D.-the Rev. Alex. Townsend, M.A. and other gentlemen |
| 260 |
_aLondon _bprinted for Alex. Hogg, and sold by all booksellers in Great Britain, Ireland, France, America, East and West Indies, &c. _c[1785?] |
||
| 300 |
_a532 p., plates _bmaps, ports. _c2o |
||
| 520 | _aIssued in parts. | ||
| 583 | 0 |
_aCondition reviewed _c20120620 _lcondition level 4 and 4, detached boards |
|
| 651 | 4 | _aLondon | |
| 690 |
_aMeasurement _96256 |
||
| 942 | _n0 | ||
| 999 |
_c113817 _d113817 |
||